Manual de contabilidad de las entidades locales (Registro nro. 2145)

Detalles MARC
000 -LEADER
fixed length control field 01661 a2200217 4500
001 - CONTROL NUMBER
control field 30939
005 - DATE AND TIME OF LATEST TRANSACTION
control field 20260407155618.0
008 - FIXED-LENGTH DATA ELEMENTS--GENERAL INFORMATION
fixed length control field 260407a1978 arg spa d
003 - CONTROL NUMBER IDENTIFIER
control field AR-UNSa-BCEJYS
040 ## - CATALOGING SOURCE
Original cataloging agency AR-UNSa-BCEJYS
Language of cataloging spa
Transcribing agency AR-UNSa-BCEJYS
080 ## - UNIVERSAL DECIMAL CLASSIFICATION NUMBER
Universal Decimal Classification number 657
Common auxiliary subdivision Contabilidad
020 ## - INTERNATIONAL STANDARD BOOK NUMBER
International Standard Book Number 84-7088-216-3
041 ## - LANGUAGE CODE
Language code of text/sound track or separate title spa
100 1# - MAIN ENTRY--PERSONAL NAME
Personal name Dominguez Alonso, Manuel
245 10 - TITLE STATEMENT
Title Manual de contabilidad de las entidades locales
264 #1 - PRODUCTION, PUBLICATION, DISTRIBUTION, MANUFACTURE, AND COPYRIGHT NOTICE
Place of production, publication, distribution, manufacture Madrid :
Name of producer, publisher, distributor, manufacturer Instituto de Estudios de Administración Local
Date of production, publication, distribution, manufacture, or copyright notice 1978
300 ## - PHYSICAL DESCRIPTION
Extent 588 p.
Dimensions 24 cm.
505 ## - FORMATTED CONTENTS NOTE
Formatted contents note 1. Contabilidad administrativa local - 2. Esquema general de la contabilidad local - 3. Los ingresos locales - 4. Gastos locales - 5. Régimen de tesorería cobros - 6. Régimen de tesorería pagos en firme y a justificar - 7. Justificación de los pagos - 8. Régimen de tesorería movimientos inversos - 9. Mandamientos de cobros y pagos - 10. Instrumentos registrales de contabilidad de derechos y obligaciones - 11. Instrumentos registrales de contabilidad de cobros y pagos - 12. Instrumentos registrales de cobros y pagos y otros - 13. Contabilidad especifica de recaudación - 14. Contabilidad de operaciones de crédito - 15. La contabilidad local integrada - 16. Contabilidad administrativa presuntiva - 17. Mecanización contable - 18. Automación contable - 19. Problemas contables en la administración local - 20. Coste y rendimiento de los servicios locales - 21. Manual de normas para la obtención de los costes de los servicios públicos locales - 22. Contabilidad crítica local - 23. Contabilidad administrativa local práctica
590 ## - LOCAL NOTE (RLIN)
Local note niveau_biblio:m niveau_hierar:0
942 ## - ADDED ENTRY ELEMENTS (KOHA)
Koha item type
Existencias
Withdrawn status Lost status Damaged status Not for loan Home library Current library Shelving location Date acquired Total checkouts Full call number Barcode Date last seen Price effective from Koha item type
        Biblioteca Prof. Eusebio Cleto del Rey Biblioteca Prof. Eusebio Cleto del Rey   07/04/2026   657 D671 L58428 07/04/2026 07/04/2026 Libro